000 00609nam a2200229 a 4500
999 _c1248
_d1248
001 1248
003 BD-JhCC
005 20220811134024.0
008 171017s2005 ii a|||| ||a| 000 0 eng d
020 _a8174906339
035 _a(BD-JhCC)1248
040 _aBD-JhCC
_dBD-JhCC
041 _aeng
082 _a823.912
_bDOY 2005
100 _aDoy, A. Conan
245 _aThe Adventures of Sherlock Holmes /
_cA. Conan Doy,
260 _aDelhi :
_bDhingra Publishing House,
_c2005
300 _a224 p.;
_c24 cm.
650 _aDetective and mystery stories, America
942 _2ddc
_cBK
_06